000 00834nam a22002897a 4500
003 CHAP
005 20220329140600.0
008 971013s1962 r 00010 d
010 _a54266
011 _a55238
035 _a59390
040 _cCHAP
082 _a519.9
_bW55
100 0 0 _aWilks, Samuel Stanley.
_9121985
245 _aMathematical statistics
260 _aNew York :
_bWiley,
_c1962
300 _a644 p.
504 _aBibliografía: p. 603-620
590 _aBATCH-UPD
_b10
_c20130110
_lUCH01
_h1626
590 _aBATCH-UPD
_b10
_c20130410
_lUCH01
_h1019
590 _aBATCH-UPD
_b10
_c20130914
_lUCH01
_h1325
590 _aCONVERSION
_b10
_c20130109
_lUCH01
_h1329
650 1 4 _aEstadística matemática.
_938261
901 _aBK
942 _cLIBRO
949 _a519.9 W55
_bBC
_cLIBRO
_d33724000157335
_eLIBRO
_i59390
_si
999 _c54266
_d54266